000 00715nab a22002297a 4500
001 19555
003 HDC
007 cr bn ---aaaaa
008 210128c20090407my ||||o |||| 00| 00eng d
040 _aHDC
245 0 _aMexico May Help Brunei To Link Up With Global Food Chain
336 _atext
_2rdacontent
337 _acomputer
_2rdamedia
338 _aonline resource
_2rdacarrier
650 _aFood
_91783
650 _aIslamic law
_9590
710 _aDagangHalal.com
856 _zRequest full-text at [email protected]
942 _2lcc
942 _cNEWS
942 _kNWSO 007733
999 _c16871
_d16871